|
|
|
|
| LEADER |
01157nam a2200277 a 4500 |
| 001 |
3152590 |
| 008 |
091008s1975 iaua b 001 0 eng d |
| 010 |
|
|
|a \\\74077796
|
| 020 |
|
|
|a 0697060888 :
|c $3.95
|
| 040 |
|
|
|a DLC
|c DLC
|d DLC
|
| 082 |
0 |
0 |
|a 371.33
|2 18
|
| 100 |
1 |
|
|a Haney, John B.
|
| 245 |
1 |
0 |
|a Educational communications and technology :
|b an introduction for teachers /
|c John B. Haney, Eldon J. Ullmer.
|
| 250 |
|
|
|a 2d ed.
|
| 260 |
|
|
|a Dubuque, Iowa :
|b W. C. Brown Co., Publishers,
|c 1975.
|
| 300 |
|
|
|a xv, 195 p. :
|b ill. ;
|c 23 cm.
|
| 500 |
|
|
|a First ed. published in 1970 under title: Educational media and the teacher.
|
| 500 |
|
|
|a Includes indexes.
|
| 504 |
|
|
|a Includes bibliographical references (p. 167-180) and index.
|
| 541 |
1 |
|
|e 00005108
|
| 650 |
|
0 |
|a Audio-visual education.
|
| 650 |
|
0 |
|a Educational technology.
|
| 700 |
1 |
|
|a Ullmer, Eldon J.,
|e joint author.
|
| 852 |
4 |
|
|a Ayesha Abed Library
|j General shelf
|
| 999 |
|
|
|c 4319
|d 4319
|
| 952 |
|
|
|0 0
|1 0
|2 ddc
|4 0
|6 371_330000000000000_HAN_1975
|7 0
|9 3990
|a BRACUL
|b BRACUL
|c GEN
|d 2009-10-08
|g 0.00
|l 0
|o 371.33 HAN
|p 3010005108
|r 2009-10-08
|t 1
|w 2009-10-08
|y BK
|x No price found in the accession register.
|